| 000 | 00778na a2200253 4500 | ||
|---|---|---|---|
| 001 | 20743 | ||
| 003 | MIRAKIL | ||
| 005 | 20181213155141.0 | ||
| 008 | 170202b tu 000 0 | ||
| 035 | _a20743 | ||
| 040 |
_aMilas _btur _cTR-AnCHP |
||
| 041 | _atur | ||
| 082 |
_a324.2382 _bR32 [t.y.] |
||
| 090 | _a324.2382 R32 [t.y.] | ||
| 110 | _aRefah Partisi | ||
| 245 |
_aRefah Partisi'nin anayasa değişikliği uzlaşma teklifi _cRP |
||
| 260 |
_aAnkara _bRefah Partisi _c[t.y.] |
||
| 300 |
_a124 s. _c20 sm. |
||
| 610 |
_aRefah Partisi (RP) _xPropaganda ve ideolojiler |
||
| 610 |
_aRefah Partisi (RP) _xAnayasa değişikliği _yTeklifler |
||
| 650 |
_aSiyasal partiler _xParti türleri _yDinci partiler _zTürkiye |
||
| 710 | _aRefah Partisi (RP) | ||
| 942 |
_2dcc _cBKS |
||
| 999 |
_c7514 _d7514 |
||